<?xml version="1.0" encoding="UTF-8"?>
<record
    xmlns:xsi="http://www.w3.org/2001/XMLSchema-instance"
    xsi:schemaLocation="http://www.loc.gov/MARC21/slim http://www.loc.gov/standards/marcxml/schema/MARC21slim.xsd"
    xmlns="http://www.loc.gov/MARC21/slim">

  <leader>00372nam a22001697a 4500</leader>
  <controlfield tag="003">OSt</controlfield>
  <controlfield tag="005">20240321151839.0</controlfield>
  <controlfield tag="008">170916b        xxu||||| |||| 00| 0 eng d</controlfield>
  <datafield tag="020" ind1=" " ind2=" ">
    <subfield code="a">978-9353067038</subfield>
  </datafield>
  <datafield tag="040" ind1=" " ind2=" ">
    <subfield code="c">SEROSOFT</subfield>
  </datafield>
  <datafield tag="100" ind1=" " ind2=" ">
    <subfield code="a">ROBBINS,S.P</subfield>
  </datafield>
  <datafield tag="245" ind1=" " ind2=" ">
    <subfield code="a">ORGANIZATION BEHAVIOR</subfield>
  </datafield>
  <datafield tag="250" ind1=" " ind2=" ">
    <subfield code="a">16</subfield>
  </datafield>
  <datafield tag="260" ind1=" " ind2=" ">
    <subfield code="a">NEW DELHI</subfield>
    <subfield code="b">PERSON</subfield>
  </datafield>
  <datafield tag="300" ind1=" " ind2=" ">
    <subfield code="a">690</subfield>
  </datafield>
  <datafield tag="942" ind1=" " ind2=" ">
    <subfield code="2">ddc</subfield>
    <subfield code="c">01</subfield>
  </datafield>
  <datafield tag="999" ind1=" " ind2=" ">
    <subfield code="c">40513</subfield>
    <subfield code="d">40513</subfield>
  </datafield>
  <datafield tag="952" ind1=" " ind2=" ">
    <subfield code="0">0</subfield>
    <subfield code="1">0</subfield>
    <subfield code="2">ddc</subfield>
    <subfield code="4">0</subfield>
    <subfield code="7">0</subfield>
    <subfield code="a">01</subfield>
    <subfield code="b">01</subfield>
    <subfield code="d">2017-09-16</subfield>
    <subfield code="e">BANSAL</subfield>
    <subfield code="f">MANAGEMENT</subfield>
    <subfield code="g">899.00</subfield>
    <subfield code="i">5873/12-9-2017</subfield>
    <subfield code="p">01-B-123046</subfield>
    <subfield code="r">2017-09-16</subfield>
    <subfield code="u">ORGANIZATION BEHAVIOR</subfield>
    <subfield code="w">2017-09-16</subfield>
    <subfield code="y">02</subfield>
  </datafield>
  <datafield tag="952" ind1=" " ind2=" ">
    <subfield code="0">0</subfield>
    <subfield code="1">0</subfield>
    <subfield code="2">ddc</subfield>
    <subfield code="4">0</subfield>
    <subfield code="7">0</subfield>
    <subfield code="a">01</subfield>
    <subfield code="b">01</subfield>
    <subfield code="d">2017-09-16</subfield>
    <subfield code="e">BANSAL</subfield>
    <subfield code="f">MANAGEMENT</subfield>
    <subfield code="g">899.00</subfield>
    <subfield code="i">5875/12-9-2017</subfield>
    <subfield code="l">4</subfield>
    <subfield code="p">01-B-123047</subfield>
    <subfield code="r">2025-02-11</subfield>
    <subfield code="s">2024-12-06</subfield>
    <subfield code="u">ORGANIZATION BEHAVIOR</subfield>
    <subfield code="w">2017-09-16</subfield>
    <subfield code="y">02</subfield>
  </datafield>
</record>
